000
00292nam a22001337a 4500
008
181008b xxu||||| |||| 00| 0 eng d
020
_a
0674171039
041
_a
eng
080
_a
521
100
_a
42
101
_a
AST
245
_a
The Copernican Revolution
_c
Kuhn, Th.S
942
_2
udc
_c
BK
999
_c
49062
_d
49062